Szczegóły MARC21

Des Knaben Wunderhorn : alte deutsche Lieder. T. 1 /

003 -Nazwa inst., której nr kontr. jest w polu 001 [,]
    • @
    • Nazwa instytucji, której n kontrolny jest w polu 001
    • NUKAT
005 -DATA I CZAS OSTATNIEJ MODYFIKACJI [,]
    • @
    • pole kontrolne
    • 20241231113634.0
040 -Instytucja sporządzająca opis [ , ]
    • a
    • Instytucja, która sporządziła opis (NP)
    • KR 119/IK
    • c
    • Instytucja, która sporządziła rekord (NP)
    • KR 119/IKs
942 -Rodzaj dokumentu [ , ]
    • c
    • Rodzaj dokumentu
    • Książka
245 -Strefa tytułu i oznaczenia odpowiedzialności [0,4]
    • a
    • Tytuł
    • Des Knaben Wunderhorn : Find
    • b
    • Ciąg dalszy tytułu (NP)
    • alte deutsche Lieder. Find
    • n
    • Oznaczenie części (P)
    • T. 1 /
    • c
    • Pozostałe elementy strefy tytułu i oznaczenia odpowiedzialności (NP)
    • gesamm. von L. Achim von Arnim und Clemens Brentano.
260 -Strefa adresu wydawniczego [ , ]
    • a
    • Miejsce wydania (P)
    • München :
    • b
    • Nazwa wydawcy (P)
    • Deutscher Taschenbuch Verlag,
    • c
    • Data wydania (P)
    • 1963.
300 -Strefa opisu fizycznego [ , ]
    • a
    • Określenie formy książki i/lub objętość (NP)
    • 283, [1] s. ;
    • c
    • Format (NP)
    • 18 cm.
336 -Typ zawartości [ , ]
    • a
    • Termin opisujący typ zawartości
    • Tekst
    • b
    • Kod określający zawartość
    • txt
    • 2
    • Źródło (terminu i kodu)
    • rdacontent
337 -Typ mediów [ , ]
    • a
    • Tryb odtwarzania
    • Bez urządzenia pośredniczącego
    • b
    • Kod typu mediów
    • n
    • 2
    • Źródło (terminu i kodu)
    • rdamedia
338 -Typ/rodzaj nośnika [ , ]
    • a
    • Hasło opisujące typ nośnika
    • Wolumin
    • b
    • Kod typu nośnika
    • nc
    • 2
    • Źródło (terminu i kodu)
    • rdacarrier
490 -Strefa serii i książki wielotomowej - forma nie do wyszukiwania [1, ]
    • a
    • Tytuł (P)
    • Dtv Gesamtausgabe ; Find
    • v
    • Numeracja (P)
    • 1
830 -Hasło dodatkowe serii i opisu książki wielotomowej - tytuł ujednolicony/tytuł [ ,0]
    • a
    • Tytuł ujednolicony/tytuł (NP)
    • Dtv Gesamtausgabe
    • v
    • Oznaczenie tomu (NP)
    • 1
    • 9
    • KHW
    • 632763
080 -Uniwersalna Klasyfikacja Dziesiętna [ , ]
    • a
    • Symbol klasyfikacji
    • 830-14(082.2)=30
655 -Hasło w funkcji tematu formalnego [ ,7]
    • a
    • Hasło
    • Poezja niemiecka
    • y
    • Określnik chronologiczny
    • 19 w.
    • 2
    • Źródło terminu
    • kaba
    • 9
    • KHW
    • 187296
655 -Hasło w funkcji tematu formalnego [ ,7]
    • a
    • Hasło
    • Pieśni niemieckie
    • y
    • Określnik chronologiczny
    • 19 w.
    • v
    • Określnik formy
    • teksty.
    • 2
    • Źródło terminu
    • kaba
    • 9
    • KHW
    • 586471
700 -Hasło dodatkowe - nazwa osobowa [1, ]
    • a
    • Nazwa osobowa (NP)
    • Arnim, Achim von Find
    • d
    • Daty biograficzne (NP)
    • (1781-1831).
    • e
    • Określenie rodzaju współpracy
    • Zebr.
    • 9
    • KHW
    • 99249
700 -Hasło dodatkowe - nazwa osobowa [1, ]
    • a
    • Nazwa osobowa (NP)
    • Brentano, Clemens Find
    • d
    • Daty biograficzne (NP)
    • (1778-1842).
    • e
    • Określenie rodzaju współpracy
    • Zebr.
    • 9
    • KHW
    • 99532
710 -Hasło dodatkowe - nazwa ciała zbiorowego [2, ]
    • a
    • Nazwa ciała zbiorowego lub nazwa geograficzna jako pierwszy element (NP)
    • Deutscher Taschenbuch-Verlag.
    • 4
    • Kod relacji
    • pbl
    • 9
    • KHW
    • 78194
Numer inwentarzowy Status udost. Data inwentaryzacji Lokalizacja Sygnatura
G.4849-32000-05-05BMGerm. Antologie - poezja 01